| 000 | 00585nam 22002053 4500 | ||
|---|---|---|---|
| 001 | 201365 | ||
| 021 |
_aPT _b21817 |
||
| 090 | _a201365 | ||
| 100 | _a20260318d u||y0pory50 ba | ||
| 200 |
_aPoética do saudosismo _fFernando Guimarães |
||
| 205 | _a1ª | ||
| 210 |
_aLisboa _cPresença _d1988 |
||
| 215 |
_a212 p. _cbrochado _d21 cm |
||
| 225 |
_aBiblioteca de textos universitários _h94 |
||
| 606 |
_93661 _aCrítica Literária.Estudos Literários |
||
| 675 |
_a82.09 _vPT _zpor |
||
| 700 |
_94823 _aGuimarães _bFernando _f1928- |
||
| 801 |
_aPT _bBMMN _gRPC |
||
| 830 | _cVanda | ||
| 990 | _cLIVROS | ||